00681cam3a220020500 4500001001200000005001700012008004100029035001900070035002200089035002200111040000900133100003000142245010400172260004500276504004100321650002000362650002100382740006600403004000600469qce0164958820190813173905.0830812s1976 njua b 000 0 eng d a(Sirsi) r24187 a(QCAT)lss03847283 a(UPRA)qce01649588 dUPRA1 aKratzer, Guy L.6A86439.114aThe Reed & Carnrick manual on the office management of colon and rectal diseases /cGuy L. Kratzer. aKenilworth, NJ :bReed & Carnick,c1976. aIncludes bibliographical references. 2aColon6S62206.1 2aRectum6S62207.10 aManual on the office management of colon and rectal diseases.24187